| 000 | 00571nam a22001457a 4500 | ||
|---|---|---|---|
| 999 |
_c63531 _d63531 |
||
| 003 | Ge_BSU | ||
| 005 | 20251031154838.0 | ||
| 008 | 251027s1996 ge ||||| |||| 00| 0 geo d | ||
| 041 | _ageo | ||
| 080 | _a657.15 ბ-98 | ||
| 245 |
_aბუღალტრული აღრიცხვის საერთაშორისო სტანდარტი ბასს 12 : _bშემოსავლებიდან გადასახადები. |
||
| 264 |
_aთბილისი, _c1996. |
||
| 300 |
_a76 გვ.; _b21 სმ. |
||
| 942 |
_2udc _cᲬᲘᲒᲜᲘ |
||